| 000 | 01093nam a2200289 a 4500 | ||
|---|---|---|---|
| 001 | BRCA_3326 | ||
| 005 | 20190320204226.0 | ||
| 008 | 240309s1880----enka---###---#000-0#eng-# | ||
| 041 | _aeng | ||
| 044 | _aenk | ||
| 084 |
_a620 _b.N54 _c1880 |
||
| 100 | 1 |
_aCervantes Saavedra, Miguel de _d1547-1616 _9213 |
|
| 245 | 1 | 0 |
_aThe Adventures of Don Quixote de la Mancha _cTranslated from the Spanish by Charles Jarvis. |
| 260 |
_aLondres _bW. Nicholson and Sons _c1880 |
||
| 300 |
_a1 v. en 2 partes (416 p.) _bil. _c18 cm. |
||
| 500 | _aEjemplar igual al anterior [619]. Tela; lomo y plano decorados con motivos quijotescos Lúdovik Osterc | ||
| 500 | _aQM1370 | ||
| 546 | _aTexto en : inglés | ||
| 650 | 1 | 4 |
_aNovela española _yÉpoca clásica, 1500-1700 _9215 |
| 650 | 1 | 4 |
_aLiteratura española _yÉpoca clásica, 1500-1700 _9216 |
| 650 | 1 | 4 |
_aNovela española _ySiglo XVII _9217 |
| 650 | 1 | 4 |
_aDon Quijote (Personaje ficticio) _eNovela _9218 |
| 700 | 1 |
_aJarvis, Charles _d?-1739 _eTraductor _98787 |
|
| 740 | 0 | _aEl Ingenioso Hidalgo Don Quijote de la Mancha | |
| 902 | _aQFM | ||
| 942 |
_2lcc _cB |
||
| 999 |
_c3062 _d3062 |
||